| 000 | 00722nam a22002297a 4500 | ||
|---|---|---|---|
| 003 | UA-OsUOA | ||
| 001 | 38471 | ||
| 007 | ta | ||
| 008 | 20071220b un ||||| |||| 00| 0 ukr d | ||
| 100 | _aСергійчук В. | ||
| 090 |
_a94(477).09 _bС32 |
||
| 942 | _cBK | ||
| 040 |
_aUA-OsUOA _bukr _cUA-OsUOA _dUA-OsUOA |
||
| 245 | _aПоляки на Волині у роки Другої світової війни. Документи з українських архівів і польські публікації | ||
| 300 | _a575 с. | ||
| 955 | _a1 | ||
| 041 | _aukr | ||
| 080 | _a94(477).09 | ||
| 260 |
_aКиїв _c2003 |
||
| 650 | 7 |
_a9 Географія. Біографії. Історія _2UDC |
|
| 999 |
_c436984 _d436984 |
||